000 00531nam a22001697a 4500
999 _c8420
_d8420
008 201124b ||||| |||| 00| 0 eng d
040 _aBMS College of Architecture
100 _aSelvi, T Abinaya
245 _aThalir- a centre for rural development
300 _a52p.
500 _a1BM14AT002
502 _8B,arch
_NBMS College of Architecture, Visvesvaraya Technological University
_aProject Report
_d2018
650 _aRural development
700 _aShanthala V
_eGuide
700 _aVinay Nandish
_eGuide
942 _2ddc
_cTHE